| 000 | 01188nam a2200205Ia 4500 | ||
|---|---|---|---|
| 003 | Ost | ||
| 005 | 20260507075742.0 | ||
| 008 | 260507s9999||||xx |||||||||||||| ||und|| | ||
| 040 | _cfsecg | ||
| 041 | _aara | ||
| 082 | _a330 | ||
| 100 |
_aملاك، وسام _eمؤلف |
||
| 245 | 0 |
_aالنقود والسياسات النقدية الداخلية : _bقضايا نقدية ومالية / _c وسام ملاك |
|
| 260 |
_aبيروت: _bدار المنهل اللبناني, _c2000 |
||
| 300 |
_a510 صفحة؛ _bإيضاحات ؛ _c24 سم |
||
| 520 | _aمفهوم النقد- النظام النقدي والمالي في لبنان- خلق النقود- أهداف السياسة النقدية- أدوات السياسة النقدية- البحث عن التوازن النقدي والتوازن في السوق النواتج والعمل- التوازن على الصعيد الإقتصادي الكلي وفعالية السياسة النقدية- اللاتوازنات النقدية- التغيرات في المستوى العام للأسعار ومشكلات التضخم | ||
| 653 | _aالسياسات النقدية | ||
| 653 | _aالنقود | ||
| 942 | _cكتاب | ||
| 999 |
_c46159 _d46159 |
||